Od defektnej k zdanlivej demokracii. Od makroúrovne demokracie k jej mikroúrovni
Demokracia v podmienkach Slovenska, jej slabosti na makro, mezo, ako aj na mikroúrovni. Rozdiel medzi tromi úrovňami demokracie a proces transformácie režimu. Problémy na mikroúrovni a existencia zdanlivej demokracie.
Enregistré dans:
| Auteur principal: | |
|---|---|
| Format: | Chapitre de livre |
| Langue: | slovaque |
| Sujets: | |
| Tags: |
Pas de tags, Soyez le premier à ajouter un tag!
|
MARC
| LEADER | 00000naa$a2200000$$$4500 | ||
|---|---|---|---|
| 001 | 0200696 | ||
| 005 | 20240502073408.0 | ||
| 041 | 0 | |a slo | |
| 044 | |a SK | ||
| 245 | 1 | 0 | |a Od defektnej k zdanlivej demokracii. Od makroúrovne demokracie k jej mikroúrovni |c Radoslav Štefančík |
| 520 | |a Demokracia v podmienkach Slovenska, jej slabosti na makro, mezo, ako aj na mikroúrovni. Rozdiel medzi tromi úrovňami demokracie a proces transformácie režimu. Problémy na mikroúrovni a existencia zdanlivej demokracie. | ||
| 610 | 2 | 0 | |a Slovensko |
| 610 | 2 | 0 | |a transformácia |
| 610 | 2 | 0 | |a formy organizácie politickej |
| 610 | 2 | 0 | |a systémy politické |
| 610 | 2 | 0 | |a moc politická |
| 610 | 2 | 0 | |a moc štátna |
| 610 | 2 | 0 | |a demokracia |
| 100 | 1 | |a Štefančík, Radoslav, 1976- | |